000 00376nam a2200157 i 4500
001 bg
100 1 _aKOWALSKI, Edward
245 0 _aTry to speak English /
_cMaria Michalska, Edward Kowalski.
250 _aWyd.4.
260 _aWarszawa,
_c1972.
700 1 _aMICHALSKA, Maria
040 _cBPK
041 _apol
942 _cKS
008 s pl f |000 0 pol
999 _c7479
_d7479
856 _uhttp://koha.tu.koszalin.pl/cgi-bin/koha/opac-detail.pl?biblionumber=7479
_yKatalog online BPK